Appendix A: Concerns about valuations (Record no. 121605)
[ view plain ]
| 000 -LEADER | |
|---|---|
| fixed length control field | 01068nam a22002057a 4500 |
| 001 - CONTROL NUMBER | |
| control field | 121605 |
| 008 - FIXED-LENGTH DATA ELEMENTS--GENERAL INFORMATION | |
| fixed length control field | 230717s2022 xxk|||||o|||| 00| 0 eng d |
| 041 ## - LANGUAGE CODE | |
| Language code of text/sound track or separate title | eng |
| 110 ## - MAIN ENTRY--CORPORATE NAME | |
| Corporate author | Royal Institution of Chartered Surveyors |
| 245 ## - TITLE STATEMENT | |
| Title | Appendix A: Concerns about valuations |
| Medium | [Electronic resource] |
| 260 ## - PUBLICATION INFORMATION | |
| Place of publication | London, |
| Publisher | Royal Institution of Chartered Surveyors, |
| Date | 2022 |
| 300 ## - PHYSICAL DESCRIPTION | |
| Physical description | 5p. |
| 490 ## - SERIES TITLE | |
| Series statement | RICS Regulation |
| 520 ## - ABSTRACT | |
| Abstract | RICS regularly receives concerns about valuations completed by its Regulated Members where the valuation is perceived to be either too high or too low. This document is intended to be read alongside Investigating and Managing Concerns and provides the reader with more detail about when RICS will consider concerns about valuations. |
| 651 ## - SUBJECT ADDED ENTRY--GEOGRAPHIC NAME | |
| Geographic name | United Kingdom |
| 690 ## - BROAD SUBJECT | |
| 9 (RLIN) | 6273 |
| Broad subject | Valuation |
| 710 ## - ADDED CORPORATE NAME | |
| Added corporate author | Royal Institution of Chartered Surveyors |
| 856 ## - ONLINE RESOURCE | |
| Uniform Resource Identifier | <a href="https://www.rics.org/content/dam/ricsglobal/documents/standards/2022_Februry_Appendix_A_Concerns_About_Valuations_Version_1.pdf">https://www.rics.org/content/dam/ricsglobal/documents/standards/2022_Februry_Appendix_A_Concerns_About_Valuations_Version_1.pdf</a> |
| Public note | Available free on RICS.org |
| 942 ## - ADDED ENTRY ELEMENTS (KOHA) | |
| Suppress in OPAC | Do not suppress in OPAC |
| Lost status | Damaged status | Not for loan | Current library | Shelving location | Date acquired | Total Checkouts | Full call number | Date last seen | Price effective from | Koha item type |
|---|---|---|---|---|---|---|---|---|---|---|
| Virtual | Online | 17/07/2023 | ONLINE PUBLICATION | 17/07/2023 | 17/07/2023 | Online material |